000 01375 a2200421 4500
001 0000
003 000
005 20251016110307.0
020 _a9781032817576
035 _a13658137
035 _a(DNLM)101224360
035 _a(OCoLC)56011686
040 _aDNLM/DLC
_cDLC
_dNLM
_dBWK
_dDLC
_erda
042 _apcc
050 1 0 _aRC 636 .N53
060 0 0 _a2004 O-297
060 1 0 _aWH 120
_bC337 2005
082 0 0 _a616.1/5
_222
100 _aNiblock, Aaron
245 0 0 _aCases in Haematology /
_cAaron Niblock
_bFor the MLA AND PLAB
264 _aBoca Raton
_bCRC Press
_c2025
300 _axix, 145p.:
_bill. ;
336 _atext
_btxt
_2rdacontent
337 _aunmediated
_bn
_2rdamedia
338 _avolume
_bnc
_2rdacarrier
490 _aMasterPass Series
504 _aIncludes index.
650 0 _aBlood
_xDiseases
_vCase studies.
650 0 _aHematology
_vCase studies.
650 1 2 _aHematologic Diseases.
650 2 2 _aCase Reports.
655 7 _aCase studies.
_2lcgft
_0https://id.loc.gov/authorities/genreForms/gf2017026140
906 _a7
_bcbc
_corignew
_d1
_eecip
_f20
_gy-gencatlg
942 _2lcc
_cBK
999 _c43831
_d43831